MARC details
| 000 - LÍDER |
| campo de control de longitud fija |
01346nam a2200265Ia 4500 |
| 008 - ELEMENTOS DE DATOS DE LONGITUD FIJA - INFORMACIÓN GENERAL |
| campo de control de longitud fija |
0000002003 pr ad 0000000000spa00 |
| 090 ## - NÚMERO DE LLAMADA DE TIPO LC LOCALMENTE ASIGNADO (OCLC) |
| Número de clasificación (OCLC) (R) |
PPR00 N62n |
| 245 10 - TÍTULO DECLARACIÓN |
| Título |
Noemí Ruiz |
| Resto del título |
: síntesis de mi espacio y tiempo |
| Declaración de responsabilidad |
/ ensayo Fernando Cros ; fotografías Johnny Betancourt |
| 260 ## - PUBLICACIÓN, DISTRIBUCIÓN |
| Lugar de publicación |
Puerto Nuevo (Puerto Rico) : Biaggi and Faure Fine Arts |
| Fecha de publicación |
2003 |
| 300 ## - DESCRIPCIÓN FÍSICA |
| Alcance |
[12] p. |
| Dimensiones |
/ 22 cm. |
| 500 ## - NOTA GENERAL |
| Nota general |
Exposición realizada en Biaggi and Faure Fine Arts, Puerto Rico, octubre 2 al 27 de 2003 \ Incluye datos biográficos del artista \ Registro auspiciado por la FGAA. Bogotá |
| 501 ## - Con nota |
| Con nota |
La pintura de Noemi Ruiz : diferencia, ruptura y continuidad / Fernando Cros |
| 505 ## - NOTA DE CONTENIDO FORMATEADA |
| Nota sobre el contenido formateado |
OBRAS ; Línea de estrella fugáz, un deseo de otoño Ritmo de azules y laberinto oculto Paisaje cambiente, el paisaje de mi isla no siempre es verde Espacio rojo y veleros en el tiempo Calor de verano |
| 600 00 - ENTRADA DE SUJETO AÑADIDO - NOMBRE PERSONAL |
| Nombre de la persona |
RUIZ, NOEMI, 1931/ |
| Subdivisión general |
TRABAJOS PICTORICOS |
| 650 14 - ENTRADA DE SUJETO AÑADIDO - TÉRMINO TÓPICO |
| Término tópico o elemento de entrada del nombre geográfico |
ARTE ABSTRACTO |
| 650 14 - ENTRADA DE SUJETO AÑADIDO - TÉRMINO TÓPICO |
| Término tópico o elemento de entrada del nombre geográfico |
ARTE CONTEMPORANEO PUERTORRIQUEÑO |
| 650 14 - ENTRADA DE SUJETO AÑADIDO - TÉRMINO TÓPICO |
| Término tópico o elemento de entrada del nombre geográfico |
ARTISTAS PLASTICOS PUERTORRIQUEÑOS |
| 650 14 - ENTRADA DE SUJETO AÑADIDO - TÉRMINO TÓPICO |
| Subdivisión general |
CATALOGOS |
| 650 14 - ENTRADA DE SUJETO AÑADIDO - TÉRMINO TÓPICO |
| Subdivisión general |
EXPOSICIONES |
| 650 14 - ENTRADA DE SUJETO AÑADIDO - TÉRMINO TÓPICO |
| Término tópico o elemento de entrada del nombre geográfico |
GEOMETRIA EN EL ARTE |
| 650 14 - ENTRADA DE SUJETO AÑADIDO - TÉRMINO TÓPICO |
| Término tópico o elemento de entrada del nombre geográfico |
PINTORES PUERTORRIQUEÑOS |
| 650 14 - ENTRADA DE SUJETO AÑADIDO - TÉRMINO TÓPICO |
| Término tópico o elemento de entrada del nombre geográfico |
PINTURA ABSTRACTA |
| 650 14 - ENTRADA DE SUJETO AÑADIDO - TÉRMINO TÓPICO |
| Término tópico o elemento de entrada del nombre geográfico |
PINTURA PUERTORRIQUEÑA |
| 700 1# - ENTRADA AGREGADA - NOMBRE PERSONAL |
| Nombre de la persona |
Cros, Fernando \ Betancourt, Johny |